| 000 | 01257nam a2200253Ia 4500 | ||
|---|---|---|---|
| 003 | Ost | ||
| 005 | 20260507075802.0 | ||
| 008 | 260507s9999||||xx |||||||||||||| ||und|| | ||
| 020 | _a9789961657447 | ||
| 040 | _cfsecg | ||
| 041 | _aara | ||
| 082 | _a658 | ||
| 100 |
_aمسعداوي، يوسف _eمؤلف |
||
| 245 | 0 |
_aأساسيات في إدارة المؤسسات / _c يوسف مسعداوي |
|
| 250 | _aطبعة 2 | ||
| 260 |
_aالجزائر: _bدار هومة للنشر والتوزيع , _c2014 |
||
| 300 |
_a557 صفحة؛ _bإيضاحات ؛ _c24 سم |
||
| 504 | _aبيبليوغرافيا: ص ص.547-557 | ||
| 520 | _aيهتم بدراسة المؤسسة والمحيط، وظائف المؤسسة، نظريات التنظيم والإدارة، تصميم الوظائف والهيكل التنظيمي، نظريات النظم، إدارة الموارد البشرية، إدارة الجودة الشاملة، الإدارة الاستراتيجية، ثقافة المنظمة، مدخل لنظم المعلومات الإدارية، الإدارة الإلكترونية. | ||
| 653 | _aإدارة الأعمال | ||
| 653 | _aالإدارة العامة | ||
| 653 | _aالمؤسسات العامة | ||
| 942 | _cكتاب | ||
| 999 |
_c46303 _d46303 |
||